000 003130000a22001330004500
003 MACL
040 _aMACL
090 _c35048
_d35046
100 _aRanganathan, S R
245 _aThe Five Laws of Library Science
260 _bBlunt And Sons LTD
_c1957
650 _aLibrary & information
942 _cBOOK
_k020/Ran
999 _c34679
_d34679